| 000 | 00530nam a2200217Ia 4500 | ||
|---|---|---|---|
| 008 | 170918s9999 xx 000 0 und d | ||
| 020 | _a9780545436267 | ||
| 050 | _bM398cr 2013 | ||
| 100 | _aMason, Jane B. | ||
| 245 | _aCry woof / | ||
| 245 | _cby Jane B. Mason and Sarah Hines Stephens. | ||
| 260 | _aNew York : | ||
| 260 | _bScholastic, | ||
| 260 | _c2013 | ||
| 300 | _a203 pages : | ||
| 300 | _bblack and white ; | ||
| 300 | _c19cm. | ||
| 300 | _eA dog and his girl mysteries ; | ||
| 440 | _a3 | ||
| 500 | _a590 | ||
| 999 |
_c344192 _d344192 |
||